Answers Contain “Bull” 🐃 - Statistics

General Stats
  • This quiz has been taken 178 times
  • The average score is 11 of 20
Answer Stats
Hint Answer % Correct
Center of a target bullseye
99%
Energy drink Red Bull
85%
Large, aggressive amphibian bullfrog
79%
A matador bullfighter
77%
Speed, The Blind Side, Gravity Sandra Bullock
64%
Exercise area for baseball pitchers bullpen
63%
Rodeo event bull riding
60%
1980 Scorcese film about boxer Jake LaMotta Raging Bull
60%
Electronic device for amplifying and projecting a voice bullhorn
59%
1876: This Lakota leader fights at Custer's Last Stand. Sitting Bull
59%
Michael Jordan, Scottie Pippen, Dennis Rodman Chicago Bulls
57%
1861: The first major battle of the American Civil War Bull Run
56%
An event most famously held in Pamplona, Spain running of the bulls
56%
Machine with a metal blade at the front for pushing material bulldozer
48%
1988 romantic comedy sports film starring Kevin Costner Bull Durham
41%
1912: Progressive third party formed by Teddy Roosevelt {Bull} {Moose} Party
28%
Carcharhinus leucas, found in freshwater and saltwater bull shark
28%
An edict issued by a pope papal bull
28%
Pyrrhula pyrrhula, a stocky Eurasian bird bullfinch
21%
1996 single by Rage Against the Machine Bulls on Parade
17%
No matching quizzes found
Score Distribution
Percent of People with Each Score
Percentile by Number Answered
Your Score History
You have not taken this quiz